<?xml version="1.0" encoding="UTF-8"?>
<record
    xmlns:xsi="http://www.w3.org/2001/XMLSchema-instance"
    xsi:schemaLocation="http://www.loc.gov/MARC21/slim http://www.loc.gov/standards/marcxml/schema/MARC21slim.xsd"
    xmlns="http://www.loc.gov/MARC21/slim">

  <leader>00853nam a22002057a 4500</leader>
  <controlfield tag="003">OSt</controlfield>
  <controlfield tag="005">20140520134513.0</controlfield>
  <controlfield tag="008">140403t        xxu||||| |||| 00| 0 eng d</controlfield>
  <datafield tag="020" ind1=" " ind2=" ">
    <subfield code="a">ISMN: M 00420716 1</subfield>
  </datafield>
  <datafield tag="040" ind1=" " ind2=" ">
    <subfield code="b">Shqip</subfield>
  </datafield>
  <datafield tag="082" ind1=" " ind2=" ">
    <subfield code="b">785.11/Web.86</subfield>
  </datafield>
  <datafield tag="100" ind1=" " ind2=" ">
    <subfield code="a">Weber, Carl Maria von</subfield>
    <subfield code="q">Carl Maria von Weber</subfield>
  </datafield>
  <datafield tag="245" ind1=" " ind2=" ">
    <subfield code="a">Konzert fur klarinette und Orchester Nr.2. Esdur op.74</subfield>
  </datafield>
  <datafield tag="260" ind1=" " ind2=" ">
    <subfield code="a">Wiesbaden</subfield>
    <subfield code="b">Breitkopf &amp; Hortel</subfield>
  </datafield>
  <datafield tag="300" ind1=" " ind2=" ">
    <subfield code="g">53 f. + 21 parte</subfield>
  </datafield>
  <datafield tag="600" ind1=" " ind2=" ">
    <subfield code="2">} Lista e emertimeve l&#xEB;ndore te Bibliotek&#xEB;s s&#xEB; Kongresit {Library of Congress Subject headings-LCSH</subfield>
    <subfield code="q">Carl Maria von Weber</subfield>
    <subfield code="t">Konzert fur klarinette und Orchester Nr.2.Esdur op.74</subfield>
    <subfield code="v">Muzika boterore</subfield>
    <subfield code="x">Muzika orkestrale - Muzike instrumentale - Muzike per klarinete - Koncertet - Partitura - Partet</subfield>
  </datafield>
  <datafield tag="856" ind1=" " ind2=" ">
    <subfield code="y">Fulltext</subfield>
  </datafield>
  <datafield tag="942" ind1=" " ind2=" ">
    <subfield code="2">udc</subfield>
    <subfield code="c">BK</subfield>
    <subfield code="h">785.11.089.61</subfield>
  </datafield>
  <datafield tag="953" ind1=" " ind2=" ">
    <subfield code="a">0</subfield>
  </datafield>
  <datafield tag="999" ind1=" " ind2=" ">
    <subfield code="c">2791</subfield>
    <subfield code="d">2791</subfield>
  </datafield>
  <datafield tag="952" ind1=" " ind2=" ">
    <subfield code="0">0</subfield>
    <subfield code="1">0</subfield>
    <subfield code="2">udc</subfield>
    <subfield code="4">0</subfield>
    <subfield code="7">0</subfield>
    <subfield code="a">UArtLib2</subfield>
    <subfield code="b">UArtLib2</subfield>
    <subfield code="d">2014-04-03</subfield>
    <subfield code="o">785.11/Web.86</subfield>
    <subfield code="p">57739</subfield>
    <subfield code="r">2014-04-03</subfield>
    <subfield code="w">2014-04-03</subfield>
    <subfield code="y">BK</subfield>
  </datafield>
</record>
